|
|
|
|
| LEADER |
00000nam0a2200000 4500 |
| 001 |
109091 |
| 005 |
20231101214838.0 |
| 010 |
|
|
|a 594356411X
|
| 035 |
|
|
|a (RuTPU)RU\TPU\book\117754
|
| 090 |
|
|
|a 109091
|
| 100 |
|
|
|a 20070130d2006 m y0rusy50 ca
|
| 101 |
0 |
|
|a rus
|
| 102 |
|
|
|a RU
|
| 105 |
|
|
|a a j 001zy
|
| 200 |
1 |
|
|a Теория вероятностей и математическая статистика
|e курс лекций
|f В. И. Лотов
|g Новосибирский государственный университет, Факультет информационных технологий
|
| 210 |
|
|
|a Новосибирск
|c Изд-во НГУ
|d 2006
|
| 215 |
|
|
|a 128 с.
|c ил.
|
| 320 |
|
|
|a Библиография в конце книги.
|
| 330 |
|
|
|a Учебное пособие содержит конспект семестрового курса лекций, которые читались автором в течение ряда лет студентам факультета информационных технологий. Материал содержит сведения, традиционно излагаемые в курсах теории вероятностей и математической статистики для студентов нематематических специальностей. По этой причине пособие может быть полезно и для студентов других факультетов.
|
| 606 |
|
|
|a Вероятностей теория и математическая статистика
|2 stltpush
|3 (RuTPU)RU\TPU\subj\2260
|9 30847
|
| 610 |
1 |
|
|a учебные пособия
|
| 610 |
1 |
|
|a лекции
|
| 610 |
1 |
|
|a вероятностные пространства
|
| 610 |
1 |
|
|a распределения
|
| 610 |
1 |
|
|a числовые характеристики
|
| 610 |
1 |
|
|a предельные теоремы
|
| 610 |
1 |
|
|a неизвестные параметры
|
| 610 |
1 |
|
|a оценивание
|
| 610 |
1 |
|
|a доверительные интервалы
|
| 610 |
1 |
|
|a гипотезы
|
| 610 |
1 |
|
|a проверка
|
| 610 |
1 |
|
|a линейная регрессия
|
| 610 |
1 |
|
|a задачи
|
| 675 |
|
|
|a 519.2(075.8)
|v 3
|
| 700 |
|
1 |
|a Лотов
|b В. И.
|g Владимир Иванович
|
| 712 |
0 |
2 |
|a Новосибирский государственный университет
|b Факультет информационных технологий
|2 stltpush
|3 (RuTPU)RU\TPU\col\721
|
| 801 |
|
1 |
|a RU
|b 63413507
|c 20070130
|g PSBO
|
| 801 |
|
2 |
|a RU
|b 63413507
|c 20180712
|g PSBO
|
| 942 |
|
|
|c BK
|